<?xml version="1.0" encoding="UTF-8"?><?xml-stylesheet type="text/xsl" href="static/style.xsl"?><OAI-PMH xmlns="http://www.openarchives.org/OAI/2.0/" xmlns:xsi="http://www.w3.org/2001/XMLSchema-instance" xsi:schemaLocation="http://www.openarchives.org/OAI/2.0/ http://www.openarchives.org/OAI/2.0/OAI-PMH.xsd"><responseDate>2026-04-17T18:52:29Z</responseDate><request verb="GetRecord" identifier="oai:www.recercat.cat:20.500.12327/4784" metadataPrefix="marc">https://recercat.cat/oai/request</request><GetRecord><record><header><identifier>oai:recercat.cat:20.500.12327/4784</identifier><datestamp>2025-10-22T11:25:53Z</datestamp><setSpec>com_2072_4428</setSpec><setSpec>com_2072_4427</setSpec><setSpec>col_2072_487898</setSpec></header><metadata><record xmlns="http://www.loc.gov/MARC21/slim" xmlns:dcterms="http://purl.org/dc/terms/" xmlns:xsi="http://www.w3.org/2001/XMLSchema-instance" xmlns:doc="http://www.lyncode.com/xoai" xsi:schemaLocation="http://www.loc.gov/MARC21/slim http://www.loc.gov/standards/marcxml/schema/MARC21slim.xsd">
   <leader>00925njm 22002777a 4500</leader>
   <datafield ind2=" " ind1=" " tag="042">
      <subfield code="a">dc</subfield>
   </datafield>
   <datafield ind2=" " ind1=" " tag="720">
      <subfield code="a">Blanco, Victor</subfield>
      <subfield code="e">author</subfield>
   </datafield>
   <datafield ind2=" " ind1=" " tag="720">
      <subfield code="a">Willsea, Noah</subfield>
      <subfield code="e">author</subfield>
   </datafield>
   <datafield ind2=" " ind1=" " tag="720">
      <subfield code="a">Campbell, Thiago</subfield>
      <subfield code="e">author</subfield>
   </datafield>
   <datafield ind2=" " ind1=" " tag="720">
      <subfield code="a">Howe, Orlando</subfield>
      <subfield code="e">author</subfield>
   </datafield>
   <datafield ind2=" " ind1=" " tag="720">
      <subfield code="a">Kalcsits, Lee</subfield>
      <subfield code="e">author</subfield>
   </datafield>
   <datafield ind2=" " ind1=" " tag="260">
      <subfield code="c">2025-08-16</subfield>
   </datafield>
   <datafield ind2=" " ind1=" " tag="520">
      <subfield code="a">Excessive tree vigor is a common problem in North American pear orchards. Strategies like regulated deficit irrigation (RDI) can help manage vegetative growth, improve fruit quality, reduce physiological disorders, and enhance water use efficiency. A two-year study on ‘d’Anjou’ and ‘Bartlett’ pears evaluated their response to three irrigation strategies: (i) full irrigation at 100 % crop evapotranspiration (ETc) throughout the season (CTL), (ii) RDI with 100 % ETc from April–June and 50 % ETc from June–October, and (iii) plant-based irrigation (PBI) similar to RDI but triggered by a stem water potential threshold of −1.25 MPa. Deficit irrigation reduced soil water content, gas exchange, and midday stem water potential. ‘d’Anjou’ pear trees were more vulnerable to water restrictions than ‘Bartlett’. Both RDI and PBI treatments effectively reduced tree vigor and pear psylla damage without compromising yield. In the second year, the number of fruits per tree increased, and water productivity improved by 53 % (RDI) and 40 % (PBI), while water use dropped by 37 % and 28 %, respectively, compared to CTL. Fruits from deficit-irrigated trees were consistently smaller. In a low-crop year, they were sweeter and less firm, suggesting accelerated ripening. RDI reduced fruit size more than PBI, but both treatments improved vigor control and reduced pear psylla damage. In semi-arid regions, plant-based irrigation offers an effective method for managing pear tree vigor, enhancing sustainability, and maintaining desirable fruit quality.</subfield>
   </datafield>
   <datafield ind1="8" ind2=" " tag="024">
      <subfield code="a">Víctor Blanco, Noah Willsea, Thiago CAmpbell, Orlando Howe, Lee Kalcsits. 2025. "Deficit irrigation affects fruit quality, production and resource allocation of ‘d’Anjou’ and ‘Bartlett’ pear trees". Agricultural Water Management: 318,109728. https://doi.org/10.1016/j.agwat.2025.109728.</subfield>
   </datafield>
   <datafield ind1="8" ind2=" " tag="024">
      <subfield code="a">0378-3774</subfield>
   </datafield>
   <datafield ind1="8" ind2=" " tag="024">
      <subfield code="a">http://hdl.handle.net/20.500.12327/4784</subfield>
   </datafield>
   <datafield ind1="8" ind2=" " tag="024">
      <subfield code="a">https://doi.org/10.1016/j.agwat.2025.109728</subfield>
   </datafield>
   <datafield ind2="0" ind1="0" tag="245">
      <subfield code="a">Deficit irrigation affects fruit quality, production and resource allocation of ‘d’Anjou’ and ‘Bartlett’ pear trees</subfield>
   </datafield>
</record></metadata></record></GetRecord></OAI-PMH>